Deep Dive (Record no. 297)

MARC details
000 -LEADER
fixed length control field 00921nam a22002297a 4500
001 - CONTROL NUMBER
control field 297
003 - CONTROL NUMBER IDENTIFIER
control field FISKH
005 - DATE AND TIME OF LATEST TRANSACTION
control field 20230317091447.0
008 - FIXED-LENGTH DATA ELEMENTS--GENERAL INFORMATION
fixed length control field 230317b cb ||||| |||| 00| 0 eng d
040 ## - CATALOGING SOURCE
Original cataloging agency FISKH
Language of cataloging eng
Transcribing agency FISKH
Modifying agency FISKH
050 ## - LIBRARY OF CONGRESS CALL NUMBER
Classification number QL122.A75
082 ## - DEWEY DECIMAL CLASSIFICATION NUMBER
Classification number 591.77
100 ## - MAIN ENTRY--PERSONAL NAME
Personal name Arlon, Penelope
245 ## - TITLE STATEMENT
Title Deep Dive
Remainder of title A lego adventure under the sea /
Statement of responsibility, etc. by Penelope Arlon and Tory Gordon-Harris
260 ## - PUBLICATION, DISTRIBUTION, ETC.
Place of publication, distribution, etc. Malaysia
Name of publisher, distributor, etc. Scholastic
Date of publication, distribution, etc. 2016
300 ## - PHYSICAL DESCRIPTION
Extent 32 p.
Other physical details last leaf contains removeable stickers
Dimensions 24 cm.
505 ## - FORMATTED CONTENTS NOTE
Formatted contents note M
520 ## - SUMMARY, ETC.
Summary, etc. Two powerful brands, LEGO and Scholastic, come together for a line of exciting nonfiction readers. In this innovative new publishing program, LEGO models and minifigures are illustrated in fun and fantastic scenarios throughout. The first point of engagement for kids with real-world topics.
521 8# - TARGET AUDIENCE NOTE
Target audience note 640 <br/>
Source Lexile
521 8# - TARGET AUDIENCE NOTE
Target audience note M <br/>
Source Raz-Plus
942 ## - ADDED ENTRY ELEMENTS (KOHA)
Source of classification or shelving scheme Dewey Decimal Classification
Koha item type Books
Suppress in OPAC No
Holdings
Withdrawn status Lost status Source of classification or shelving scheme Damaged status Not for loan Collection Home library Current library Shelving location Date acquired Total Checkouts Full call number Barcode Date last seen Price effective from Koha item type
    Dewey Decimal Classification     Juvenile Fiction Footprints International School Library Network Toul Kork Campus Footprints International School Library Network Toul Kork Campus   03/17/2023   ARL 591.77 QL122.A75 2023-0037 03/17/2023 03/17/2023 Books